| 000 | 00654 a2200181 4500 | ||
|---|---|---|---|
| 003 | Nust | ||
| 005 | 20170207153209.0 | ||
| 040 | _cNust | ||
| 082 | _a005.1 | ||
| 100 | _aRaza, Muhammad Kashif (MSCS-8) | ||
| 245 |
_aUse of XML in data warehousing in the context of detector description domain project of CERN _cMuhammad Kashif Raza |
||
| 260 |
_bMCS,NUST _c2006 _aRawalpindi |
||
| 300 | _avi, 45, p.; | ||
| 505 | _aThesis introduction (page-1) Review (page-5) Proposed data warehouse (page-12) Results and analysis (page-22) Conclusions and future research work (page-34) | ||
| 538 | _aAlmirah No 73 Shelf No 1 | ||
| 650 | _aPG Thesis | ||
| 651 | _aMSCS-8 | ||
| 942 | _cTHS | ||
| 999 |
_c181307 _d181307 |
||